Famous People's First Names #2 - Statistics

General Stats
  • This quiz has been taken 349 times
    293 since last reset
  • The average score is 14 of 21
Answer Stats
First Name Last Name % Correct
Justin Bieber
97%
Winston Churchill
95%
Amy Winehouse
92%
Charles Chaplin
92%
Napoleon Bonaparte
88%
Gwen Stefani
87%
Lionel Messi
84%
Simon Cowell
83%
Yoko Ono
76%
Orlando Bloom
73%
Benito Mussolini
72%
Johann Sebastian Bach
70%
Kanye West
67%
Henry Ford
66%
John Ronald Reuel Tolkien
65%
Alfred Nobel
63%
Gisele Bündchen
54%
Amerigo Vespucci
45%
Vanessa Paradis
45%
Shakira Mebarak Ripoll
7%
Tarja Cabuli (born Turunen)
5%
No matching quizzes found
Score Distribution
Percent of People with Each Score
Percentile by Number Answered
Your Score History
You have not taken this quiz since the last reset